| 000 | 00338nam a2200133Ia 4500 | ||
|---|---|---|---|
| 008 | 150201s2010 xx 000 0 und d | ||
| 082 |
_a618.1 _bO10P |
||
| 100 | _aPTU | ||
| 245 | _aOBSTTETRICS AND GYNAECILOGY | ||
| 260 |
_bSUPPORT SERVICE CORPORATION _aGURGAON _c2010 |
||
| 300 | _a1-130 | ||
| 650 | _aOBST & GYNAECOLOGY | ||
| 942 |
_2ddc _cBK |
||
| 999 |
_c1361 _d1361 |
||